000 00819nac a22002291u 4500
010 _a013454412
020 _a0071457992 (hbk.)
028 _bwww.bl.uk
082 _a690.0218
_bP2773
090 _c2894
_d2894
100 _aPatterson, Terry L.
245 _aIllustrated 2006 building code handbook /
_cTerry L. Patterson.
260 _aNew York ; London : 2007.
_b McGraw-Hill
_cc.2007
300 _alvii, 1116 p. :
_bill. ;
_c 25 cm.
500 _aFormerly CIP. Uk
504 _aIncludes index.
650 _aBuildings -- Standards.
650 _aStandards, Engineering.
700 _aPatterson, Terry L.
942 _cBB
_k690.0218P2773
999 _c2894
_d2894